000 00911nam0a22002411 4500
001 v19\rc\1248834
005 20260407113533.0
035 _a(NLR Aleph) 004405381
090 _a3933102
_c3933102
100 _a20060306d1877 |||y0rusy50 ca
101 0 _arus
102 _aRU
105 _ay z |||||
200 1 _aПравила о порядке ведения дел в общем и окружном собраниях членов Общества взаимного поземельного кредита
210 _a[Санкт-Петербург]
_dценз. 1877
215 _a[4] с.
309 _aБез тит. л. и обл.
710 0 2 _aОбщество взаимного поземельного кредита
_cПетербург
_3RU\NLR\AUTH\889944099
_9383379
801 0 _aRU
_bNLR
_gpsbo
801 1 _aRU
_bProSoft-M
_2rusmarc
852 _aNLR
_j18.128.7.356
942 _cBOOK
980 _aNB